000 00686nam a2200277Ia 4500
003 OSt
005 20221007105229.0
006 a|||||r|||| 00| 0
007 ta
008 221006b |||||||| |||| 00| 0 eng d
020 _a0199562865
024 _a17,985
037 _cTextual
040 _aLCO
_cLCO
_beng
041 _2eng
_aeng
082 _aZ2,3, P2
100 _aAnson William R.
245 0 _aLaw of Contract
250 _a28th
260 _aLondon
_bOxford University Press U.K.
_c2002
300 _a739
650 _aCONTRACT
700 _a Beatson J.
942 _hZ2,3, P2
_cTEXL
999 _c1187548
_d1187548